00492 2200193 4500001002100000005001500021035002000036245007300056100002100129250001000150300002900160260003300189082001200222084001800234020001800252650000800270990001000278990001000288INLIS00000000003246220220428103657 a0010-04220001591 aSelesaikan Segala Resahmu Dengan Doa Dan Munajat /cSalman Al-Farisi0 aSalman Al-Farisi aCet.1 a214 hlm :bIlus ;c20 cm aYogyakarta :bLaksana,c2020 a297.541 a297.541 SAL s a9786024077266 4aDoa a52015 a52016